000 00821nam a2200277 a 4500
008
020 _a0471551570 (cased)
049 _aMAIN
090 _aTA405
_bBOR
100 1 _aBoresi, Arthur P.
245 1 0 _aAdvanced mechanics of materials /
_cArthur P. Boresi, Richard J. Schmidt, Omar M. Sidebottom.
250 _a5th ed.
260 _aNew York :
_bWiley,
_cc1993.
300 _axvii, 811 p. :
_bill. ;
_c26 cm.
504 _aIncludes bibliographical references.
500 _aIncludes index.
650 0 _aStrength of materials.
653 0 _aMaterials .
700 1 _aSchmidt, Richard J.
700 1 _aSidebottom, Omar M.
907 _a.b10065726
_b07-02-13
_c17-04-03
003
005 20230123133532.0
040 _cNUST
942 _cBOOKS
_kTA405
_mBOR
999 _c150285
_d150285